00497nam a2200145Ia 4500008004100000041000800041082001500049100002000064245004500084260004200129300003300171365000900204999001700213952012100230240624s9999 xx 000 0 und d aeng a330.01 CHA aCHASE CHARLES W aDEMAND DRIVEN FORECASTING A STRUCTURED A c2009aNew JerseybJohn Wiley and Sons axviii, : 270 : p. : cm. ; 23 cb30 c15092d15092 00104070aIMTNbIMTNcRack 7-Ad2010-05-12eBWEg59.95o330.01 CHAp15092r2024-06-24 00:00:00t48w2024-06-24yBK